[Event "Biel GM"]
[Site "Biel"]
[Date "2005.07.26"]
[Round "9"]
[White "Pelletier, Yannick"]
[Black "Nakamura, Hikaru"]
[Result "1-0"]
[WhiteElo "2603"]
[BlackElo "2660"]
[Annotator "Pelletier,Y"]
[PlyCount "61"]
[EventDate "2005.07.17"]
[EventType "tourn"]
[EventRounds "10"]
[EventCountry "SUI"]
[EventCategory "16"]
[SourceTitle "CBM 108"]
[Source "ChessBase"]
[SourceDate "2005.09.26"]
[SourceVersion "1"]
[SourceVersionDate "2005.09.26"]
[SourceQuality "1"]

1. d4 Nf6 2. Nf3 g6 3. c4 Bg7 4. Nc3 O-O 5. e4 d6 6. Be2 e5 7. O-O Nc6 8. d5
Ne7 9. b4 Nh5 10. Re1 f5 11. Ng5 Nf6 12. Bf3 c6 13. b5 {Das Problem dieses
Zuges ist klar: Schwarz verfügt über eine gut bekannte remisliche Variante.
Aber mein Gegner zeigte sogar im physischen Sinne eine solche Motivation am
Beginn dieser Partie, dass er mich überzeugte. Er würde nie ins Remis gehen!}
h6 14. Ne6 Bxe6 15. dxe6 Qa5 $6 (15... fxe4 16. Nxe4 Nxe4 17. Bxe4 d5 18. cxd5
cxd5 19. Ba3 dxe4 20. Qxd8 Rfxd8 21. Bxe7 Re8 22. Bc5 Rxe6 {führt zum eben
erwähnten Remis-Endspiel.}) 16. Bb2 (16. Bd2 $6 Qc7) (16. Qd2 Qb4) 16... fxe4 (
16... Rad8 {verdient Aufmerksamkeit.}) 17. Nxe4 Nxe4 18. Rxe4 d5 ({Wieder kam} 
18... Rad8 {ernsthaft in Frage. Das nun folgende Qualitätsopfer ist typisch
und gibt Weiß vollwertiges Spiel.}) 19. cxd5 cxd5 20. Rxe5 $1 Bxe5 21. Bxe5 {
[%csl Ge6][%cal Ga1h8]} Qxb5 $6 ({Auch nach} 21... Qb6 22. Bb2 Rad8 23. Qd2 Kh7
24. Re1 {hat Weiß klaren Vorteil. Aber nach dem Bauernraub auf b5 gelingt Weiß
seine Figuren rasch zu organisieren.}) 22. Rb1 Qc6 (22... Qc4 23. Rxb7 Rae8 24.
h3 $16) 23. Ba1 Rf4 (23... Qxe6 24. Qd4 Kf7 25. Bc3 $1 $40 {[%cal Gc3b4,Gb1e1]}
) 24. g3 $1 (24. Qd2 Raf8 {ist schwach, da der Nachziehende die lange
Diagonale mit einem Turm stopfen kann.}) 24... Rc4 25. Qd2 (25. Bf6 Qc7) 25...
Qc5 (25... Kh7 26. Qb2 Nf5 27. Qf6 Rg8 28. Qf7+ Ng7 29. e7 Qe8 30. Bxd5 $18) (
25... Qd6 26. Qxh6 d4 27. Rxb7 Re8 28. Be2 $18) 26. Bf6 ({Nach} 26. Bxd5 {
findet Schwarz etwas Luft im Endspiel:} Qxd5 27. Qb2 Rd4 28. Qxd4 Qxd4 29. Bxd4
b6 $16) ({Interessant war aber} 26. Be2 $5 Re4 $140 27. Qb2 d4 28. Qxb7) 26...
g5 $6 (26... Rf8 27. Bxe7 Qxe7 28. Bxd5 Rd8 (28... Rc7 $2 29. Qxh6) 29. Qd3 $18
(29. Rxb7 $2 Qxb7 30. e7+ Rxd5 31. e8=Q+ Kh7 32. Qde1 Rd7)) (26... Kh7 27. Rxb7
) (26... Nf5 $142 27. Bxd5 Rd4 28. Bxd4 Qxd5 29. Bc3 Qxd2 30. Bxd2 b6 31. g4
Nd4 32. Bxh6 Nxe6 33. Rd1 $16) 27. Rxb7 Rc1+ (27... Re8 28. Bh5 Qc6 (28... d4
29. Bxe8 Rc1+ 30. Kg2 Qd5+ 31. f3 Rc3 32. Bf7+ Kh7 33. Qxc3 dxc3 34. Rb8 $18) (
28... Rc2 29. Qd4 Qxd4 30. Bxd4 Nf5 31. Bxe8 Nxd4 32. e7 $18) 29. Bf7+ Kf8 30.
Bxg5 $1 hxg5 31. Qxg5 $18) 28. Kg2 Qc4 29. Qe2 (29. Qxc1 $1 Qxc1 30. Rxe7 $18 {
[%mdl 2048]}) 29... Qxe2 30. Bxe2 Nf5 31. Bg4 1-0

[Event "WchT 9th"]
[Site "Antalya"]
[Date "2013.11.26"]
[Round "1.1"]
[White "Ipatov, Alexander"]
[Black "Mamedov, Rauf"]
[Result "1/2-1/2"]
[WhiteElo "2630"]
[BlackElo "2647"]
[Annotator "Krasenkow,M"]
[PlyCount "86"]
[EventDate "2013.11.26"]
[EventType "team-tourn"]
[EventRounds "9"]
[EventCountry "TUR"]
[SourceTitle "CBM 158"]
[Source "ChessBase"]
[SourceDate "2014.01.16"]
[SourceVersion "1"]
[SourceVersionDate "2014.01.16"]
[SourceQuality "1"]
[WhiteTeam "Turkey"]
[BlackTeam "Azerbaijan"]
[WhiteTeamCountry "TUR"]
[BlackTeamCountry "AZE"]

1. d4 Nf6 2. c4 g6 3. Nc3 Bg7 4. e4 d6 5. Nf3 O-O 6. Be2 e5 7. O-O Nc6 8. d5
Ne7 9. b4 Nh5 10. g3 f5 11. Ng5 Nf6 12. Bf3 {This line attained huge
popularity after the game Kramnik - Giri (Hoogeeven 2011).} fxe4 {Other
options seen in practice:} (12... c6) (12... h6) (12... f4) ({and even} 12...
Rb8) 13. Ncxe4 Nf5 14. Bg2 (14. Ne6 Bxe6 15. dxe6 Rb8 16. Bb2 Qe7 17. Nxf6+
Bxf6 18. c5 dxc5 19. bxc5 Qxc5 20. Rc1 Qb6 21. Qe2 Rbe8 22. Bd5 Re7 23. Bxe5 c6
24. Bc4 Bxe5 25. Qxe5 Qd4 $13 {0-1 (51) Nguyen,D (2492)-Paragua,M Ho Chi Minh
City 2013}) 14... Nxe4 (14... Nd4 15. Bb2 Nxe4 16. Nxe4 g5 (16... Bf5 17. f4
$14) 17. Qd2 h6 18. f4 gxf4 19. gxf4 Bg4 20. fxe5 dxe5 21. Rxf8+ Qxf8 22. Rf1
Qe7 23. c5 $14 {1/2 (44) Girya,O (2414)-Ju,W (2518) St Petersburg 2012}) (14...
Qe7 15. Bb2 $5 (15. c5 Nd4 16. cxd6 cxd6 17. Nxf6+ Bxf6 18. Ne4 Bf5 19. Be3
Rac8 20. Rc1 Rxc1 21. Bxc1 Rc8 22. Be3 Rc4 $36 {0-1 (49) Sergeev,V (2397)
-Yevseev,D (2529) Tyumen 2012})) 15. Nxe4 a5 (15... Nd4 16. Bg5 (16. Bb2 $5 {
- see above}) 16... Qd7 17. c5 b6 18. Rc1 bxc5 19. bxc5 Ba6 20. Re1 Rab8 21.
Be3 Rb2 22. cxd6 cxd6 23. Rc6 $1 Be2 24. Qc1 Nf3+ 25. Bxf3 Bxf3 26. Ng5 Bxd5
27. Rc7 Qb5 28. Rxg7+ Kxg7 29. Qc7+ Rf7 30. Nxf7 Bxf7 31. Qxd6 Qd5 32. Qa3 Rxa2
33. Qe7 $44 {1-0 (48) Jakovenko,D (2736)-Demchenko,A (2575) Tyumen 2012}) (
15... Bd7 16. c5 (16. Bb2 $5) 16... Bb5 17. Re1 Nd4 18. Be3 Bc4 19. Nd2 Bd3 20.
Rc1 Nf5 21. Qb3 Nxe3 22. fxe3 Bf5 23. e4 Bc8 24. Rc2 Bh6 25. Nc4 Qe7 26. Na5
$36 {1-0 (51) Lalith,B (2515)-Jimenez Fraga,P (2446) Badalona 2012}) 16. b5 $1
(16. bxa5 Rxa5 17. a4 {1-0 (40) Polyakov,M (2403)-Terletsky,O (2276) Mukachevo
UKR 2013} Nd4 18. Bb2 Bf5 19. f4 Qe7 $13) 16... b6 {The queenside is now
sealed but White has a plan for kingside activity (f2-f4).} 17. Bb2 (17. a4 h6
18. Bb2 (18. Qd3 g5 19. f3 Qe8 20. Bb2 Qg6 21. Rae1 Bd7 22. Rf2 Rf7 23. Qd1
Raf8 24. Bf1 h5 $132 {0-1 (54) Pelletier,Y (2595)-Al Modiahki,M (2542)
Istanbul 2012}) 18... g5 19. Qd3 Qe8 20. Rae1 Qf7 (20... Qg6 21. Bc3 Bd7 22.
Nd2 h5 23. Be4 Rf6 24. Qb1 Rff8 (24... Raf8 $2 25. c5 $1 $16 {1-0 (49) Zhao
Xue (2556)-Ju,W (2518) Jermuk 2012})) 21. Nd2 Bd7 22. Re2 Ne7 23. Be4 Bh3 24.
Rfe1 Kh8 25. Qc2 Qf6 26. Qd3 Qf7 27. Qc2 Qf6 28. Qd3 Qf7 29. Qc2 {1/2 (29)
Zhao Xue (2543)-Ju,W (2557) Beijing 2012}) (17. Qd3 $5 {, followed by Bc1-d2,
needs testing. Here is a game in which White obtained a clear plus:} h6 18. Bd2
g5 19. Rae1 Qd7 20. f4 exf4 21. gxf4 g4 22. Ng3 Bd4+ (22... Qf7 23. Re6 $1) 23.
Kh1 Qg7 24. Be4 Nxg3+ 25. hxg3 Bd7 26. Bg6 Bf6 27. f5 $16 {1/2 (45) Levin,E 
(2512)-Fedorov,A (2579) St Petersburg 2012}) 17... Bd7 (17... g5 {, stopping
f2-f4 for the moment, is more logical.}) 18. Qd2 {[%mdl 32]} Qe7 19. Rae1 Rae8
20. f4 $36 Kh8 (20... Qd8 {1-0 (49) Nezad,H (2388)-Aminov,A (2163) St
Petersburg RUS 2013} 21. fxe5 Bxe5 22. g4 Bxb2 23. Qxb2 Ng7 24. h3 $14) 21. Ng5
h6 22. Nh3 (22. Ne4 $5) (22. Ne6 $5 Bxe6 23. dxe6 Qxe6 24. Bd5 $36) 22... Kh7
23. Nf2 Qd8 {Black has nothing better but now he gets an isolated pawn.} 24.
fxe5 dxe5 (24... Bxe5 25. Bxe5 Rxe5 26. Rxe5 dxe5 27. Re1 Nd6 28. c5 $1 bxc5
29. a4 $14) 25. Nd3 Nd6 26. Rxf8 Rxf8 27. Qc1 {This allows Black to break
loose. It was probably better to continue manoeuvring by means of} (27. Qc3 Re8
28. Nf2) 27... e4 $1 {[%mdl 768]} 28. Bxg7 Kxg7 29. Nf2 Qf6 30. Nxe4 Qd4+ 31.
Kh1 Bf5 {Black has sacrificed a pawn but his pieces are very active so White's
winning chances are not big.} 32. Nd2 (32. Qd2 $1 {, exchanges queens and was
a better try.}) 32... Rf7 33. Nf3 Qf6 (33... Qf2 $5 34. Ne5 Re7) 34. c5 (34. g4
$5 Be4 (34... Bxg4 $2 35. Ne5) 35. g5 Qf4 $1 36. gxh6+ Kxh6 37. Ne5 Bxg2+ 38.
Kxg2 Rf5 $11) 34... bxc5 35. Qxc5 Be4 36. Ng1 Bxg2+ 37. Kxg2 Qb2+ 38. Re2 Qxb5
$11 39. Qxb5 Nxb5 40. Rc2 Nd4 41. Rc5 a4 42. Ra5 Nc2 43. Nf3 a3 1/2-1/2

[Event "Moscow Aeroflot op-A"]
[Site "Moscow"]
[Date "2004.02.24"]
[Round "8"]
[White "Berkes, Ferenc"]
[Black "Motylev, Alexander"]
[Result "1/2-1/2"]
[WhiteElo "2602"]
[BlackElo "2640"]
[Annotator "Stohl,I"]
[PlyCount "148"]
[EventDate "2004.02.17"]
[EventType "swiss"]
[EventRounds "9"]
[EventCountry "RUS"]
[SourceTitle "CBM 100"]
[Source "ChessBase"]
[SourceDate "2004.06.01"]
[SourceVersion "1"]
[SourceVersionDate "2004.06.01"]
[SourceQuality "1"]

1. d4 Nf6 2. c4 g6 3. Nf3 Bg7 4. g3 O-O 5. Bg2 d6 6. Nc3 Nc6 7. O-O a6 8. e4
Bg4 9. h3 {White's most recent attempt, which was tested by quite a few strong
players.} ({Previously White tried mainly} 9. Be3 Nd7 10. Qd2 (10. Ne2 Na5 $1
11. Rc1 c5 12. b3 Nc6 13. d5 Nb4 14. a3 Bxf3 15. Bxf3 Nd3 $1 16. Rc2 b5 17. Nc3
bxc4 18. bxc4 Nb2 19. Rxb2 Bxc3 20. Rb7 Rb8 21. Qb3 Qa5 22. Bh6 Bg7 $11 {
Avrukh,B-Bologan,V/EU-ch Istanbul/2003/}) 10... Na5 $1 (10... Bxf3 11. Bxf3 e5
12. d5 Nd4 13. Bg2 c5 14. dxc6 bxc6 15. b4 Rc8 16. Rfc1 Qe7 17. Rab1 Qe6 18.
Qd3 Nb6 19. Bxd4 exd4 20. Ne2 c5 21. Nf4 Qe5 22. Qa3 cxb4 23. Rxb4 Nd7 24. Bh3
Rcd8 25. Bxd7 Rxd7 26. Re1 Bh6 27. Nd3 $14 {Nikolic,P-Polgar,J/Wijk aan Zee/
2000/ Possibly this was the inspiration behind the recent popularity of 9.
h3-White wanted to have this type of position and was even willing to invest a
move to achieve it. Anyway, it's a difficult to say White loses a tempo-the
best square for his Q is d3 and Nikolic had to go there in 2 moves.}) 11. b3 c5
12. Rab1 Bxf3 13. Bxf3 Nc6 14. Ne2 e5 15. dxc5 dxc5 16. Nc3 Nd4 17. Bg2 b5 18.
cxb5 Qa5 $1 19. Nd5 Qxd2 20. Bxd2 axb5 21. Rb2 Ra3 22. Be3 Rfa8 23. Bh3 Nf6 $11
{1/2,Tunik,G-Motylev,A/RUS-ch Samara/2000/}) 9... Bxf3 10. Bxf3 e5 (10... Nd7
11. Be3 e5 12. d5 Nd4 13. Bg2 c5 14. dxc6 bxc6 {leads to the positions
analysed below,if Black plays 14...Nd7.}) 11. d5 Nd4 12. Bg2 c5 13. dxc6 bxc6
14. b4 $1 {|^<<} (14. f4 $143 Nh5 $132 (14... Qa5 $5)) 14... Qe7 {The follwin
practical examples show Black should be able to get enough <=> and equalize,
but accuracy is required. Motylev's move perhaps isn't the best, as it doesn't
challenge White's position immdiately.} (14... a5 15. b5 Qc8 16. Ba3 Qe6 17.
Qd3 Rfc8 18. Ne2 Nd7 19. Rab1 Rab8 20. bxc6 Rxb1 21. Rxb1 Rxc6 22. Bf1 Nc5 23.
Nxd4 exd4 24. Bxc5 Rxc5 25. Rb8+ Rc8 26. Rb7 h5 27. h4 Rc5 $132 {Rustemov,
A-Inarkiev,E/RUS-chT Dagomys/2004/}) (14... Nd7 15. Be3 c5 (15... Nb6 16. Qd3
c5 $6 17. bxc5 dxc5 18. Nd5 Rc8 19. Rac1 f5 20. f4 exf4 21. Bxf4 Re8 22. exf5
Nxf5 23. Rce1 Qd7 24. Be4 $36 Bd4+ 25. Qxd4 $1 Nxd4 26. Nf6+ Kg7 27. Nxd7 Nxd7
28. Bb7 $16 {[%csl Gb7,Gf4] ^^,Raicevic,V-Janosevic,D/Majdanpek/1976/}) (15...
Rb8 16. Rb1 c5 $5 (16... Qc7 17. Qd3 a5 18. a3 axb4 19. axb4 Rb7 20. Rfd1 Rfb8
21. b5 Nc5 22. Qf1 Ncb3 23. bxc6 Qxc6 24. Nd5 Qa4 {Jevremovic,M-Ivanovic,N/
Belgrade/2004/} 25. Rb2 $14) 17. a3 $5 (17. b5 Qa5 $132) (17. Nd5 cxb4 18. Rxb4
Rxb4 19. Nxb4 Qa5 20. Qd2 Rb8 21. Nd3 Qxd2 22. Bxd2 Nc5 23. Nb4 a5 24. Nd5 a4
25. Bb4 Bf8 26. Rd1 Nc2 $11 {Martin Garcia,C-Perpinya Rofes,L/Barcelona/2000/})
17... cxb4 (17... Nb6 18. Qd3 cxb4 19. Rxb4 $14) 18. axb4 Nb6 (18... Qc7 19.
Nd5 Qxc4 20. Re1 $36) 19. Nd5 Nxc4 20. Bxd4 exd4 21. Qd3 $14) (15... Qe7 {
-14...Qe7}) 16. a3 cxb4 $5 (16... Rb8 {-15...Rb8}) 17. axb4 a5 (17... Nb6 $5
$132) 18. bxa5 Rxa5 19. Nb5 Rxa1 20. Qxa1 Nc5 21. Qa7 Qf6 22. Rd1 Ncb3 23. Qc7
Qd8 24. Qb7 Qa8 25. Qxa8 Rxa8 26. Bxd4 (26. Nxd6 $2 Rd8 {/\Ne2-/+}) 26... Nxd4
27. Nxd4 exd4 28. e5 Ra6 $11 {Macieja,B-Acs,P/POL-chT Lubniewice/2003/}) (14...
Rb8 15. Rb1 Re8 16. a4 Re7 17. Qd3 Reb7 18. Ba3 Nd7 19. b5 axb5 20. axb5 cxb5 (
20... Nc5 $11) 21. cxb5 Nc5 22. Bxc5 (22. Qc4 Rc8 $132) 22... dxc5 23. Rb2 Qa5
24. Ra2 Qb4 25. Rb1 c4 $1 26. Qe3 Qf8 27. Ra4 $11 {Pezerovic,E-Klundt,K/Munich/
1992/}) 15. Be3 Nd7 16. Qd3 Rfb8 $146 (16... Qe6 17. Rfc1 a5 18. b5 Nc5 19. Qf1
cxb5 $2 {Black must always carefully judge this exchange, in the above example
it was justified, as he quickly disarmed the o^b5. Here the situation is
different and the N powerfully jumps to d5.} 20. cxb5 a4 21. Nd5 Rab8 22. Rab1
Qd7 23. b6 $16 {Thor,J-Scholl,E/Oerebro/1966/}) 17. Rab1 Rb7 18. Rb2 a5 (18...
Qe6 $142 $5) 19. b5 $1 Qe6 (19... Nc5 20. Qd2 Rab8 (20... Qe6 $6 21. bxc6 Rxb2
22. Qxb2 Nxc6 23. Qb6 Nd4 24. Nd5 $36) 21. Rfb1 $14 {[%cal Rb5c6,Rc3d5] is a
better version of the game position, with the Rb2 protected White can play bc6
and Nd5 at a suitable moment.}) 20. Rfb1 Nc5 21. Qf1 Rab8 22. h4 a4 {[%cal
Ya4a3] /\a3} 23. a3 $1 $14 Qe8 (23... cxb5 24. cxb5 Ncb3 25. Nxa4 Rxb5 26. Nc3
{/\Nd5|^}) 24. Rb4 {[%csl Ra4] ><a4} Nc2 $5 {Black doesn't want to suffer
passively and rather offers the ק.} 25. Bxc5 dxc5 26. Rxa4 Nd4 27. Ra5 (27.
Ra6 $5 cxb5 (27... Bh6 28. a4 Ra8 (28... Bd2 29. Ne2 $16) 29. Rxa8 Qxa8 30.
bxc6 $36 {/\} Ra7 $2 31. Nb5 $1 Rxa4 32. c7 $18) 28. cxb5 Nxb5 (28... c4 29. a4
$16) 29. Nxb5 Rxb5 30. Rxb5 Rxb5 31. Qc4 $14) (27. bxc6 $6 Rxb1 28. Nxb1 Qxc6
$44) 27... Bh6 28. Qd3 (28. Qd1 Rd8 $132) 28... cxb5 (28... Rd8 29. Rd1 Kg7 $5
$44 {was interesting, White's forces lack coordination.}) 29. Raxb5 $1 {
[%mdl 512] White sacrifices the offside R for Black's powerful Nd4.} (29. cxb5
c4 $1 30. Qd1 (30. Qxc4 $2 Rc8 31. Qd5 (31. Qd3 Rxc3 $19) 31... Rd7 32. Bh3
Rxd5 33. Nxd5 Kg7 $19) 30... Nxb5 31. Qa4 Nd6 (31... Bd2 32. Rbxb5 Rxb5 33.
Rxb5 Bxc3 34. Rxb8 Qxb8 35. Qxc4 Bd4 $11) 32. Qxe8+ Rxe8 33. Rxb7 Nxb7 $11) (
29. Nxb5 Qe6 $5 $44 (29... Rd8 $44)) 29... Nxb5 30. cxb5 {[%cal Yc3d5,Ya3a4,
Yd3c4] /\Nd5,Qc4,a4} c4 $1 {[%mdl 256] Black quickly gives back some material
to gain space for his rooks and B. In the end Motylev's active defence will
hold the game.} 31. Qxc4 Rc8 32. Qb3 Qd8 {[%cal Rd8d2] /\Qd2} 33. Nd5 Qa5 34.
Qb2 (34. a4 Ra8 $132) (34. Qb4 Qxb4 35. Rxb4 Bf8 36. Rb3 Ra8 $11) 34... Bf8 $5
{Again the active alternative.} (34... Bg7 35. b6 $36) 35. Qxe5 Qxa3 {Black at
least got rid of one of the o^o^, but now his K is potentially in danger.} 36.
Bf1 (36. Nf6+ $5 Kh8 37. Qd5 {[%cal Re4e5] /\e5+/-|^}) 36... Bg7 $14 37. Qf4
Qa2 38. Rd1 (38. Rc1 Rxc1 39. Qxc1 Bd4 $132) 38... Qc2 39. Ne3 Qc3 40. Nc4 $1
Re7 {Black returns the exchange to simplify the position.} (40... Rxc4 $2 41.
Rd8+ Bf8 42. Qh6 $18) (40... Qb3 41. Rd3 Qxb5 42. Nd6 Qd7 43. Nxc8 Qxc8 44. Qg5
Rb8 45. h5 $40) (40... h5 $5 41. e5 $36 (41. Nd6 Be5 $132)) 41. Nb6 Rce8 42.
Nd5 Rxe4 43. Qxe4 $2 {White squanders a good opportunity, after} (43. Nxc3 $1
Rxf4 44. gxf4 Bxc3 45. b6 Rb8 46. Rb1 $36 {[%csl Gb7][%cal Rb6b7] /+/- his o^
gets to b7 with definite winning chances.}) 43... Rxe4 44. Nxc3 Bxc3 45. Rc1 (
45. b6 Rb4 46. Rd6 (46. Rc1 $2 Bd4 $11) (46. Rd3 $5 Be1 $1 47. Re3 (47. Rd8+
Kg7 48. Rb8 $6 Rb2 49. Be2 $8 Rxe2 50. Kf1 Re7 51. b7 Kf6 $11) (47. Rd6 Rb2 48.
Rf6 Kg7 $11) 47... Bd2 48. Re8+ Kg7 49. Rb8 Rb1 50. b7 Ba5 $1 {[%cal Ra5c7] /
\Bc7=}) 46... Rb1 47. Kg2 Ba5 48. Rd7 Rxb6 49. Bc4 Rf6 $14 {is slightly better,
but not enough to win.}) 45... Ba5 {Stohl,I (2540)-Haba,P (2485) Budapest zt-B
1993 (2) 1/2 With the ^- and the extrao^ blockaded on the 5-th rank White has
no realistic winning chances. The annotator's personal experience was} 46. Ra1
Bb6 47. Ra8+ Kg7 48. Rb8 {In Stohl-Haba Black's R was much more active,
nevertheless even here Black has enough defensive resources.} Bd4 $5 (48... Re6
49. Kg2 $14 {/\Bc4}) 49. Kg2 Re1 50. Rd8 (50. b6 $2 Rb1 $11) 50... Bc5 51. Rc8
Bb6 52. Bc4 Rc1 53. Rc6 Ba5 54. Ra6 {The only way to make progress.} (54. Bd5
Rxc6 55. bxc6 f6 56. Kf3 Kf8 $11 {[%csl Ga5,Rd5] ^-}) 54... Rxc4 55. Rxa5 Rc3 (
55... Rb4 $143 56. Kf3 {/\ gives White chances:} Rb3+ $6 57. Ke4 Rb2 58. Kd5 $1
) (55... Rc5 $5 $11) 56. g4 (56. b6 Rb3 57. Ra6 {[%csl Ra6] צ White's R
doesn't have a single move-the _|_ is a draw.} h5 58. Kf1 Rb2 $132) 56... h5 $1
57. gxh5 (57. g5 Rc4 58. Kg3 Rg4+ 59. Kh3 Rb4 $11 {[%csl Rh4] ><h4}) 57... gxh5
58. Ra6 Rb3 59. Rb6 f6 $1 60. f3 Kg6 {Black has weakened White's >> and has
enough <=> against Pf3 and h4 to draw.} 61. Rb8 Kf5 {[%cal Rf5f4] /\Kf4} 62.
Kg3 Rb1 63. b6 (63. Rh8 Kg6 $11) 63... Rb3 64. b7 (64. Rb7 Rb4 $11) 64... Rb2
65. Kh3 Rb3 66. Kg2 Rb1 67. Kg3 Rb2 68. Rh8 Rxb7 69. Rxh5+ Kg6 70. Ra5 Rb4 71.
h5+ Kh6 72. f4 Rb1 73. Kg4 Rh1 $1 (73... Rg1+ $6 74. Kf5 {only complicates the
issue.}) 74. Ra6 (74. Rf5 Rg1+ (74... Kg7 $11) 75. Kf3 Kg7 $11) 74... Rxh5 {
The simplest,leading to a Philidor position.} (74... Kg7 $11) (74... Rxh5 75.
Rxf6+ Kg7 76. Ra6 (76. Kxh5 Kxf6 $11) 76... Rb5 77. f5 Rb7 $11) 1/2-1/2

[Event "Grenke Chess Classic 1st"]
[Site "Baden-Baden"]
[Date "2013.02.13"]
[Round "6"]
[White "Fridman, Daniel"]
[Black "Naiditsch, Arkadij"]
[Result "0-1"]
[WhiteElo "2667"]
[BlackElo "2716"]
[Annotator "Krasenkow,M"]
[PlyCount "90"]
[EventDate "2013.02.07"]
[EventType "tourn"]
[EventRounds "10"]
[EventCountry "GER"]
[EventCategory "19"]
[SourceTitle "CBM 153"]
[Source "ChessBase"]
[SourceDate "2013.03.14"]
[SourceVersion "1"]
[SourceVersionDate "2013.03.14"]
[SourceQuality "1"]

1. d4 Nf6 2. c4 g6 3. Nc3 Bg7 4. e4 d6 5. Nf3 O-O 6. Be2 e5 7. O-O Nc6 8. Be3
Ng4 9. Bg5 f6 10. Bh4 g5 11. Bg3 Nh6 12. dxe5 fxe5 13. h3 Kh8 {A rare
continuation in this well-known theoretical position. Usual variations are:} (
13... Nf7 14. Nh2 Nd4 15. Bg4) ({or} 13... g4 14. hxg4 Bxg4) {Instead, Black
makes a useful move and waits for White's choice. Still, it is probably too
slow.} 14. c5 $1 (14. Ne1 $143 Nd4 15. Nc2 {0-1 (55) Lichman,P (2285)-Guivan,V
(2117) Alushta 2004} c6 $13) 14... g4 15. hxg4 Bxg4 16. cxd6 cxd6 (16... Bxf3
17. Bxf3 cxd6 18. Ne2 (18. Qd3 $5 Nd4 19. Bd1) 18... Qd7 {0-1 (26) Lehmann,Z 
(2245)-Szilagyi,P (2410) Budapest 1991} 19. Qd3 $14) 17. Nd2 $5 {A logical
idea to exchange light-squared bishops and further weaken the light squares in
Black's camp. Of course, White had other options like} (17. Rc1) 17... Bc8 $5 {
A provocative reply.} (17... Be6 18. Bc4 $1) 18. Nc4 Nd4 19. Ne3 Nf7 20. Nc2 $6
{White misses a strong tactical blow.} (20. Bd3 Ng5 21. Ncd5 $14) (20. Bg4 $5)
20... Ng5 21. Bd3 Ndf3+ $1 {[%mdl 704]} 22. gxf3 Qd7 $1 {[%cal Yf8f6,Yf6h6,
Yd7h3,Rg5f3]} 23. Be2 Rf6 24. Nd5 Rh6 25. f4 $8 Nh3+ (25... Qh3 $2 26. Bf3) 26.
Kg2 exf4 27. Bh2 {After this move Black's attack becomes decisive.} (27. Nd4 $1
{was the only move, with good chances to defend.}) 27... f3+ $1 (27... Ng5 $143
28. Nxf4 Rxh2+ 29. Kxh2 Be5 30. Kg2 Bxf4 31. Rh1) 28. Bxf3 Ng5 29. Nf4 Rxh2+ $1
30. Kxh2 Be5 (30... Qf7 $142 $1 31. Kg2 Qxf4 32. Rh1 Bxb2 33. Rb1 Be5 $19) 31.
Kg2 Bxf4 (31... Qf7 $1) 32. Rh1 Qg7 33. Kf1 Be6 34. Nd4 $6 (34. Bg4 $1 Bc4+ 35.
Be2 $1 (35. Kg2 $143 Nxe4 {[%cal Re4f6]} 36. Qd4 Nf6 37. f3 Bd5) 35... Nxe4 36.
Qd4 $1 {, and White holds on}) 34... Bc4+ 35. Be2 Nxe4 $1 36. Bxc4 $6 {This
move loses but it was very difficult to find the right reply.} (36. Nf3 Nxf2 $1
) (36. Nf5 Qe5 $1 37. Bxc4 Nd2+ 38. Kg2 Qxf5 $19) (36. Rg1 $1 Qe5 37. Nf3 $1
Qxb2 38. Qd4+ Qxd4 39. Nxd4 $15) 36... Nd2+ 37. Ke2 d5 $3 {A nice decisive
move. Two more obvious continuations are less effective:} (37... Qxd4 38. Rxh7+
$1 Kxh7 39. Qh1+ Kg6 40. Rg1+ Bg5 41. Bd3+ Kf6 42. Qh5 Qe5+ 43. Kd1 Rg8 44. Rg4
$132) (37... Re8+ 38. Kd3 Qg6+ 39. Kc3 Nxc4 40. Qc2 $1 Qg7 41. Qf5 {parrying
Black's attack}) 38. Qc2 (38. Bxd5 Re8+ {is now winning due to} 39. Kd3 Qg6+
40. Kc3 Rc8+ $19) 38... Re8+ 39. Kd1 Nxc4 40. Qc3 Re4 41. Nf5 Nxb2+ 42. Kc2
Re2+ 43. Kb3 Qxc3+ 44. Kxc3 Be5+ 45. Nd4 Re4 0-1